[Event "Bronshoj Seniors Sommer"]
[Site "Copenhagen"]
[Date "2022.08.18"]
[Round "2"]
[White "Petersen, Steen Brustrup"]
[Black "Nielsen, John Holm"]
[Result "1-0"]
[WhiteElo "2060"]
[BlackElo "2007"]
[PlyCount "55"]
[EventDate "2022.08.18"]
[EventType "tourn"]
[EventRounds "7"]
[EventCountry "DEN"]
[SourceTitle "EXT 2024"]
[Source "ChessBase"]
[SourceDate "2023.10.10"]
[SourceVersion "1"]
[SourceVersionDate "2023.10.10"]
[SourceQuality "1"]

1. e4 e5 2. Nf3 Nc6 3. d4 exd4 4. Nxd4 Bc5 5. Nxc6 Qf6 6. Qf3 Qxf3 7. gxf3 bxc6 8. Nd2 d5 9. Nb3 Bd6 10. c4 Bb4+ 11. Bd2 Bxd2+ 12. Kxd2 Be6 13. cxd5 cxd5 14. Bb5+ Bd7 15. Bxd7+ Kxd7 16. Rac1 Ne7 17. Rhg1 g6 18. Rc5 c6 19. Rgc1 Rhc8 20. Ra5 Rc7 21. Kd3 Kd6 22. Nc5 Re8 23. Kd4 f6 24. Re1 Rf8 25. exd5 Nf5+ 26. Kd3 Ne7 27. Ne4+ Kd7 28. d6 1-0

[Event "Bronshoj Sommer Seniors"]
[Site "Copenhagen"]
[Date "2019.09.19"]
[Round "5"]
[White "Nielsen, John Holm"]
[Black "Thuesen, Mogens Henrik"]
[Result "0-1"]
[WhiteElo "2033"]
[BlackElo "2115"]
[PlyCount "114"]
[EventDate "2019.08.15"]
[EventType "swiss"]
[EventRounds "7"]
[EventCountry "DEN"]
[SourceTitle "EXT 2021"]
[Source "ChessBase"]
[SourceDate "2020.10.23"]
[SourceVersion "1"]
[SourceVersionDate "2020.10.23"]
[SourceQuality "1"]

1. Nc3 c5 2. Nf3 Nc6 3. d4 cxd4 4. Nxd4 Nf6 5. e4 e5 6. Ndb5 d6 7. Bg5 a6 8. Na3 b5 9. Nd5 Be7 10. Bxf6 Bxf6 11. c3 Ne7 12. Nxf6+ gxf6 13. Be2 f5 14. Bf3 fxe4 15. Bxe4 d5 16. Bf3 Be6 17. Nc2 0-0 18. 0-0 Rb8 19. Re1 Qd6 20. Qe2 e4 21. Bg4 Bxg4 22. Qxg4+ Kh8 23. Rad1 f5 24. Qh3 Ng6 25. g3 Ne5 26. Nd4 Rf6 27. Qh5 Rh6 28. Qxf5 Rf8 29. Qg5 Rg6 30. Qd2 Qd7 31. f4 Nd3 32. Rf1 Qg4 33. Qe2 Rxf4 34. Qxg4 Rfxg4 35. Rf8+ Rg8 36. Rxg8+ Kxg8 37. Rd2 h5 38. Rg2 Kf7 39. h3 Rg6 40. g4 Kf6 41. b3 hxg4 42. hxg4 Ke5 43. Kf1 b4 44. Ne2 bxc3 45. Nxc3 d4 46. Ne2 Rf6+ 47. Kg1 Ne1 48. g5 Nf3+ 49. Kh1 Rg6 50. Rg4 Rxg5 51. Rxg5+ Nxg5 52. Kg2 d3 53. Nc3 Kd4 54. Nd1 e3 55. Nb2 Kc3 56. Nc4 e2 57. Kf2 Nf3 0-1

[Event "Bronshoj-chA"]
[Site "Copenhagen"]
[Date "2019.04.11"]
[Round "5"]
[White "Nielsen, John Holm"]
[Black "Steenstrup, Svend"]
[Result "0-1"]
[WhiteElo "2017"]
[BlackElo "1973"]
[PlyCount "58"]
[EventDate "2019.03.07"]
[EventType "tourn"]
[EventRounds "9"]
[EventCountry "DEN"]
[SourceTitle "EXT 2020"]
[Source "ChessBase"]
[SourceDate "2019.10.17"]
[SourceVersion "1"]
[SourceVersionDate "2019.10.17"]
[SourceQuality "1"]

1. Nc3 d5 2. e4 d4 3. Nce2 c5 4. Ng3 Nc6 5. Bc4 Nf6 6. Nf3 h5 7. e5 h4 8. Nf1 Nd5 9. d3 h3 10. g3 Bg4 11. Qe2 Rh5 12. Bf4 g5 13. Bd2 e6 14. Qe4 Bf5 15. Qe2 Bg7 16. g4 Bxg4 17. Rg1 Nxe5 18. Rxg4 Nxg4 19. Ng3 Rh8 20. Nxg5 Nge3 21. fxe3 Qxg5 22. Bb5+ Kf8 23. 0-0-0 dxe3 24. Be1 Nf4 25. Qxe3 Ne2+ 26. Kd2 Qg4 27. Qxc5+ Kg8 28. c3 Nxg3 29. Bxg3 Rh5 0-1

[Event "Bronshoj-chA"]
[Site "Copenhagen"]
[Date "2019.04.04"]
[Round "4"]
[White "Jacobsen, Mikkel Manosri"]
[Black "Nielsen, John Holm"]
[Result "1-0"]
[WhiteElo "2285"]
[BlackElo "2017"]
[PlyCount "55"]
[EventDate "2019.03.07"]
[EventType "tourn"]
[EventRounds "9"]
[EventCountry "DEN"]
[SourceTitle "EXT 2020"]
[Source "ChessBase"]
[SourceDate "2019.10.17"]
[SourceVersion "1"]
[SourceVersionDate "2019.10.17"]
[SourceQuality "1"]

1. d4 d5 2. c4 c6 3. Nf3 Nf6 4. e3 e6 5. b3 Bb4+ 6. Nbd2 Nbd7 7. Bd3 0-0 8. 0-0 Bd6 9. Bb2 Re8 10. Ne5 Nf8 11. Qe2 N6d7 12. e4 Nxe5 13. dxe5 Bc7 14. f4 Ng6 15. exd5 exd5 16. cxd5 cxd5 17. Qh5 Bd7 18. Nf3 Nf8 19. Ng5 g6 20. Qh6 Bb6+ 21. Kh1 d4 22. Ba3 Re7 23. f5 gxf5 24. Rxf5 Bxf5 25. Bxf5 f6 26. Bxe7 Qxe7 27. exf6 Qc7 28. f7+ 1-0

[Event "Bronshoj-chA"]
[Site "Copenhagen"]
[Date "2019.03.07"]
[Round "1"]
[White "Nielsen, John Holm"]
[Black "Madsen, Michael Ole"]
[Result "1/2-1/2"]
[WhiteElo "2017"]
[BlackElo "2050"]
[PlyCount "90"]
[EventDate "2019.03.07"]
[EventType "tourn"]
[EventRounds "9"]
[EventCountry "DEN"]
[SourceTitle "EXT 2020"]
[Source "ChessBase"]
[SourceDate "2019.10.17"]
[SourceVersion "1"]
[SourceVersionDate "2019.10.17"]
[SourceQuality "1"]

1. Nc3 d5 2. e4 Nf6 3. e5 Nfd7 4. Nxd5 Nxe5 5. Ne3 c5 6. Bb5+ Bd7 7. Bxd7+ Qxd7 8. Nf3 Nbc6 9. Nxe5 Nxe5 10. 0-0 g6 11. b3 Bg7 12. Rb1 Nc6 13. Bb2 Nd4 14. Bxd4 cxd4 15. Nc4 b5 16. Nb2 0-0 17. Nd3 e5 18. Re1 Rfe8 19. Qf3 Rac8 20. Rbc1 f5 21. Qe2 Qd6 22. f3 Bh6 23. Nf2 Qb4 24. Red1 a6 25. Qd3 Rcd8 26. a4 bxa4 27. bxa4 Qxa4 28. Ra1 Qb5 29. Rxa6 Qxd3 30. Nxd3 Rc8 31. Ra2 Rc6 32. Kf1 Re7 33. Nb4 Rc5 34. c3 Rd7 35. Nd3 Rc8 36. Nxe5 Rd5 37. cxd4 Rxd4 38. d3 Bf4 39. Re2 Bxh2 40. Kf2 Bf4 41. g3 Bxe5 42. Rxe5 Rcd8 43. Ke2 Kf7 44. f4 Kf6 45. Re3 g5 1/2-1/2

[Event "Bronshoj Autumn-A"]
[Site "Copenhagen"]
[Date "2018.10.25"]
[Round "1"]
[White "Renneberg, Morten"]
[Black "Nielsen, John Holm"]
[Result "1-0"]
[WhiteElo "1979"]
[BlackElo "1972"]
[PlyCount "103"]
[EventDate "2018.10.25"]
[EventType "tourn"]
[EventRounds "5"]
[EventCountry "DEN"]
[SourceTitle "EXT 2020"]
[Source "ChessBase"]
[SourceDate "2019.10.17"]
[SourceVersion "1"]
[SourceVersionDate "2019.10.17"]
[SourceQuality "1"]

1. d4 d5 2. Nf3 Nf6 3. c4 c6 4. e3 e6 5. b3 Nbd7 6. Bb2 Bb4+ 7. Nbd2 0-0 8. Bd3 dxc4 9. bxc4 c5 10. 0-0 cxd4 11. exd4 b6 12. Ne4 Bb7 13. Ng3 Be7 14. Qe2 Rc8 15. Rac1 Re8 16. Ne5 Nxe5 17. dxe5 Nd7 18. Rfd1 Qc7 19. Nh5 g6 20. Bb1 Qc6 21. Qg4 Kh8 22. Nf4 Bf8 23. Rd3 Bg7 24. Qg5 Nc5 25. Rh3 Kg8 26. Qh4 h6 27. Qg4 Ne4 28. Re3 h5 29. Qe2 Nc5 30. Rg3 Ne4 31. Rd3 Ng5 32. h4 Nh7 33. Rg3 Nf8 34. Nxh5 gxh5 35. Qxh5 Ng6 36. Qg5 Qc7 37. h5 Qe7 38. hxg6 fxg6 39. Qxg6 Rc7 40. Qh7+ Kf8 41. Ba3 Qxa3 42. Rxa3 Bxe5 43. Qh5 Bb2 44. Qh6+ Ke7 45. Rd3 Rh8 46. Qf4 Rc5 47. Rcd1 Bc6 48. Rg3 Be5 49. Qg5+ Bf6 50. Qd2 Rxc4 51. Qd6+ Kf7 52. Bg6+ 1-0

[Event "Bronshoj SenSommer"]
[Site "Copenhagen"]
[Date "2018.10.04"]
[Round "7"]
[White "Christensen, Esben"]
[Black "Nielsen, John Holm"]
[Result "1/2-1/2"]
[WhiteElo "2017"]
[BlackElo "1972"]
[PlyCount "43"]
[EventDate "2018.08.16"]
[EventType "tourn"]
[EventRounds "7"]
[EventCountry "DEN"]
[SourceTitle "EXT 2020"]
[Source "ChessBase"]
[SourceDate "2019.10.17"]
[SourceVersion "1"]
[SourceVersionDate "2019.10.17"]
[SourceQuality "1"]

1. e4 e5 2. Nf3 Nc6 3. Bc4 Bc5 4. c3 Nf6 5. d3 d6 6. 0-0 0-0 7. b4 Bb6 8. Re1 h6 9. a4 a6 10. Be3 Bxe3 11. Rxe3 Bg4 12. h3 Bxf3 13. Qxf3 Ne7 14. Nd2 b5 15. Bb3 a5 16. bxa5 Rxa5 17. Ree1 Qa8 18. Qd1 bxa4 19. Rxa4 Rxa4 20. Bxa4 Ng6 21. g3 Qa5 22. Qc2 1/2-1/2

[Event "Bronshoj SenSommer"]
[Site "Copenhagen"]
[Date "2018.09.20"]
[Round "5"]
[White "Nielsen, John Holm"]
[Black "Fredericia, Louise Winther"]
[Result "1-0"]
[WhiteElo "1972"]
[BlackElo "2060"]
[PlyCount "101"]
[EventDate "2018.08.16"]
[EventType "tourn"]
[EventRounds "7"]
[EventCountry "DEN"]
[SourceTitle "EXT 2020"]
[Source "ChessBase"]
[SourceDate "2019.10.17"]
[SourceVersion "1"]
[SourceVersionDate "2019.10.17"]
[SourceQuality "1"]

1. Nc3 c5 2. Nf3 g6 3. d4 cxd4 4. Qxd4 Nf6 5. Bg5 Bg7 6. e4 Nc6 7. Qd2 0-0 8. Bd3 d6 9. h3 Bd7 10. 0-0 Rc8 11. Rfe1 a6 12. a3 b5 13. Nd5 e6 14. Nxf6+ Bxf6 15. Qf4 Bxg5 16. Nxg5 Kg7 17. Nf3 e5 18. Qd2 f5 19. a4 Qf6 20. axb5 axb5 21. Bxb5 fxe4 22. Rxe4 Bf5 23. Rh4 h5 24. Bxc6 Rxc6 25. Ra7+ Rf7 26. Rxf7+ Qxf7 27. c3 Ra6 28. Kh2 Qe7 29. Rb4 Ra5 30. Qe3 Rc5 31. Qg5 Qc7 32. Qe3 Bc8 33. Ng5 d5 34. g3 Rc6 35. f4 d4 36. Qxe5+ Qxe5 37. fxe5 dxc3 38. bxc3 Rxc3 39. Rf4 Re3 40. Re4 Rxe4 41. Nxe4 Bf5 42. Nd6 Bd7 43. h4 Kf8 44. Kg2 Bc6+ 45. Kf2 Ke7 46. Ke3 Ke6 47. Kf4 Ba4 48. Ne4 Bc2 49. Ng5+ Kd5 50. Nf7 Ke6 51. Nh8 1-0

[Event "Bronshoj SenSommer"]
[Site "Copenhagen"]
[Date "2018.09.06"]
[Round "4"]
[White "Nielsen, Thomas"]
[Black "Nielsen, John Holm"]
[Result "0-1"]
[WhiteElo "1969"]
[BlackElo "1972"]
[PlyCount "76"]
[EventDate "2018.08.16"]
[EventType "tourn"]
[EventRounds "7"]
[EventCountry "DEN"]
[SourceTitle "EXT 2020"]
[Source "ChessBase"]
[SourceDate "2019.10.17"]
[SourceVersion "1"]
[SourceVersionDate "2019.10.17"]
[SourceQuality "1"]

1. d4 d5 2. c4 c6 3. Nc3 Nf6 4. Nf3 dxc4 5. e4 b5 6. Be2 e6 7. Bg5 Be7 8. Qc2 Bb7 9. e5 Nd5 10. Bxe7 Qxe7 11. Nd2 Nxc3 12. Qxc3 c5 13. 0-0 cxd4 14. Qxd4 Nc6 15. Qg4 g6 16. f4 h5 17. Qh3 Nd4 18. Bf3 Bxf3 19. Rxf3 Nxf3+ 20. Qxf3 Rd8 21. Ne4 Rd3 22. Nf6+ Kf8 23. Qc6 a6 24. a4 Kg7 25. axb5 Rhd8 26. b6 Rd1+ 27. Rxd1 Rxd1+ 28. Kf2 Qb4 29. Kg3 Rd3+ 30. Kh4 c3 31. Kg5 cxb2 32. Qc8 Qf8 33. Qc2 Rd2 34. Qxd2 b1Q 35. Qf2 Qf5+ 36. Kh4 g5+ 37. Kxh5 Qh8+ 38. Nh7 Qhxh7# 0-1

[Event "Bronshoj SenSommer"]
[Site "Copenhagen"]
[Date "2018.08.16"]
[Round "1"]
[White "Nielsen, John Holm"]
[Black "Larsen, Carsten Moller"]
[Result "1-0"]
[WhiteElo "1972"]
[BlackElo "2034"]
[PlyCount "77"]
[EventDate "2018.08.16"]
[EventType "tourn"]
[EventRounds "7"]
[EventCountry "DEN"]
[SourceTitle "EXT 2020"]
[Source "ChessBase"]
[SourceDate "2019.10.17"]
[SourceVersion "1"]
[SourceVersionDate "2019.10.17"]
[SourceQuality "1"]

1. Nc3 d5 2. e4 d4 3. Nce2 e5 4. Ng3 Nc6 5. Bc4 Nf6 6. Nf3 Bd6 7. 0-0 Na5 8. Bb5+ c6 9. Be2 Qc7 10. c3 c5 11. Bb5+ Nc6 12. cxd4 cxd4 13. d3 h6 14. a3 Be6 15. Bd2 Kf8 16. Rc1 g6 17. Qa4 Bd7 18. b4 Qb6 19. Bc4 Kg7 20. b5 Ne7 21. Ba5 Qc5 22. Bb4 Qb6 23. Nxe5 Bxe5 24. Bxe7 Rhe8 25. Bb4 Bf4 26. Rc2 a6 27. Qb3 Bxb5 28. Bxf7 Red8 29. Ne2 Bd6 30. Bxd6 Qxd6 31. Bc4 Bxc4 32. Rxc4 b5 33. Rxd4 Qxd4 34. Nxd4 Rxd4 35. Rc1 Rd7 36. e5 Ne8 37. Rc6 Nc7 38. Qc3 Nd5 39. Rxg6+ 1-0

[Event "Bronshoj-ch A"]
[Site "Copenhagen"]
[Date "2018.05.03"]
[Round "6"]
[White "Nielsen, John Holm"]
[Black "Jorgensen, Mikkel"]
[Result "1-0"]
[WhiteElo "1970"]
[BlackElo "1883"]
[PlyCount "83"]
[EventDate "2018.03.08"]
[EventType "tourn"]
[EventRounds "9"]
[EventCountry "DEN"]
[SourceTitle "EXT 2020"]
[Source "ChessBase"]
[SourceDate "2019.10.17"]
[SourceVersion "1"]
[SourceVersionDate "2019.10.17"]
[SourceQuality "1"]

1. Nc3 e5 2. Nf3 Nc6 3. d4 exd4 4. Nxd4 Nf6 5. Bg5 Bb4 6. a3 Bxc3+ 7. bxc3 h6 8. Bh4 g5 9. Bg3 d6 10. e3 Ne4 11. Nxc6 bxc6 12. Qd4 Nf6 13. h4 c5 14. Bb5+ Bd7 15. Bxd7+ Kxd7 16. Qa4+ Ke7 17. Rb1 Qd7 18. Qxd7+ Kxd7 19. f3 g4 20. Ke2 Nh5 21. Bf2 g3 22. Be1 f5 23. Kd3 f4 24. e4 Rab8 25. Bd2 Rb6 26. Rb3 Rf8 27. c4 Ng7 28. Bc3 Ne6 29. Re1 Rfb8 30. Reb1 Rxb3 31. cxb3 c6 32. Rb2 Ke7 33. b4 cxb4 34. axb4 h5 35. Ra2 Rb7 36. Ra5 c5 37. b5 Nf8 38. e5 dxe5 39. Bxe5 Rd7+ 40. Ke4 Ng6 41. Ra6 Nf8 42. Kxf4 1-0

[Event "Bronshoj Autumn-A"]
[Site "Copenhagen"]
[Date "2017.11.16"]
[Round "3"]
[White "Nielsen, John Holm"]
[Black "Hestehauge, Klaus"]
[Result "0-1"]
[WhiteElo "1970"]
[BlackElo "1918"]
[PlyCount "60"]
[EventDate "2017.10.26"]
[EventType "tourn"]
[EventRounds "5"]
[EventCountry "DEN"]
[SourceTitle "EXT 2019"]
[Source "ChessBase"]
[SourceDate "2018.10.10"]
[SourceVersion "1"]
[SourceVersionDate "2018.10.10"]
[SourceQuality "1"]

1. Nc3 d5 2. e4 d4 3. Nce2 e5 4. Ng3 Be6 5. Nf3 Bd6 6. Nh5 Kf8 7. d3 g6 8. Ng3 f6 9. Bd2 Nd7 10. Be2 Kg7 11. Nh4 Ne7 12. Bg4 Qg8 13. h3 Nc5 14. Qc1 Qc8 15. b4 Na6 16. Bxe6 Qxe6 17. a3 Rhg8 18. 0-0 Kh8 19. c3 c5 20. Qb2 b6 21. Rac1 Rac8 22. Rc2 dxc3 23. Bxc3 cxb4 24. axb4 Bxb4 25. Bxb4 Rxc2 26. Qxc2 Nxb4 27. Qc7 Nec6 28. Rd1 Rc8 29. Qb7 Rb8 30. Qc7 Na6 0-1

[Event "Copenhagen Bronshoj CC-chA"]
[Site "Copenhagen"]
[Date "2017.04.27"]
[Round "6"]
[White "Nielsen, John Holm"]
[Black "Kistrup, Nicolai"]
[Result "1/2-1/2"]
[WhiteElo "2036"]
[BlackElo "2064"]
[PlyCount "81"]
[EventDate "2017.03.09"]
[EventType "tourn"]
[EventRounds "9"]
[EventCountry "DEN"]
[SourceTitle "EXT 2018"]
[Source "ChessBase"]
[SourceDate "2017.10.13"]
[SourceVersion "1"]
[SourceVersionDate "2017.10.13"]
[SourceQuality "1"]

1. Nc3 d5 2. e4 d4 3. Nce2 e5 4. Nf3 f6 5. Ng3 Be6 6. Bb5+ c6 7. Ba4 Na6 8. Bb3 Bxb3 9. axb3 d3 10. c3 Ne7 11. 0-0 Qd7 12. Ne1 0-0-0 13. b4 Kb8 14. Qf3 Nc7 15. Qe3 a6 16. f3 Ng6 17. Nh1 Ne6 18. Nf2 c5 19. Nexd3 cxb4 20. Qb6 Qc6 21. Qxc6 bxc6 22. Rxa6 Kb7 23. Ra4 Ngf4 24. Nxf4 Nxf4 25. d4 Ne2+ 26. Kh1 Nxc1 27. Rxc1 exd4 28. Rd1 c5 29. c4 Bd6 30. Nd3 Ra8 31. Rda1 Rxa4 32. Rxa4 Re8 33. Ra1 g6 34. Kg1 Kb6 35. Kf2 Be5 36. f4 Bc7 37. Kf3 Kc6 38. g3 Bb6 39. b3 Bc7 40. Ra4 Bb6 41. Ra1 1/2-1/2

[Event "Copenhagen Bronshoj CC-chA"]
[Site "Copenhagen"]
[Date "2017.03.16"]
[Round "2"]
[White "Andersen, Niels Erik"]
[Black "Nielsen, John Holm"]
[Result "1/2-1/2"]
[WhiteElo "1934"]
[BlackElo "2036"]
[PlyCount "63"]
[EventDate "2017.03.09"]
[EventType "tourn"]
[EventRounds "9"]
[EventCountry "DEN"]
[SourceTitle "EXT 2018"]
[Source "ChessBase"]
[SourceDate "2017.10.13"]
[SourceVersion "1"]
[SourceVersionDate "2017.10.13"]
[SourceQuality "1"]

1. d4 d5 2. Nf3 Nf6 3. c4 c6 4. Nc3 e6 5. g3 Be7 6. Bg2 0-0 7. 0-0 Nbd7 8. b3 a6 9. Qc2 Bd6 10. Bb2 Qe7 11. Rfe1 e5 12. dxe5 Nxe5 13. cxd5 cxd5 14. Nd4 Be6 15. e4 Rac8 16. Qe2 dxe4 17. Nxe6 Qxe6 18. Nxe4 Nxe4 19. Qxe4 Ng4 20. Qxb7 Qh6 21. Re2 Bc5 22. Qf3 Nxh2 23. Qf5 Bb6 24. Rae1 Rc5 25. Bd5 Rxd5 26. Qxd5 Ng4 27. Qg2 Nxf2 28. Rxf2 Qd2 29. Kf1 Qd3+ 30. Rfe2 Qf5+ 31. Rf2 Qd3+ 32. Rfe2 1/2-1/2

[Event "Bronshoj SenSommer A"]
[Site "Bronshoj"]
[Date "2016.10.06"]
[Round "6"]
[White "Madsen, Michael Ole"]
[Black "Nielsen, John Holm"]
[Result "0-1"]
[WhiteElo "2010"]
[BlackElo "2017"]
[PlyCount "68"]
[EventDate "2016.08.31"]
[EventType "swiss"]
[EventRounds "7"]
[EventCountry "DEN"]
[SourceTitle "EXT 2024"]
[Source "ChessBase"]
[SourceDate "2023.10.10"]
[SourceVersion "1"]
[SourceVersionDate "2023.10.10"]
[SourceQuality "1"]

1. e4 e5 2. Nf3 Nc6 3. Bc4 Bc5 4. c3 Nf6 5. d3 d6 6. Bb3 0-0 7. Nbd2 Qe7 8. 0-0 Bg4 9. Re1 Rad8 10. Nf1 Be6 11. Ne3 Qd7 12. Ba4 Qc8 13. d4 exd4 14. cxd4 Bb4 15. d5 Bxe1 16. Nxe1 Nxe4 17. dxc6 d5 18. Qd4 bxc6 19. Bxc6 Rd6 20. Qa4 Qd8 21. f3 Nf6 22. Bd2 Bd7 23. Bxd7 Nxd7 24. Qxa7 c5 25. Nd3 d4 26. Nf1 Rc6 27. Rc1 Qc8 28. Qa4 Re8 29. Ng3 Nb6 30. Qb5 c4 31. Bg5 Nd7 32. Nf5 Ne5 33. Nxe5 Rc5 34. Rxc4 Rexe5 0-1

[Event "Bronshoj SenSommer A"]
[Site "Bronshoj"]
[Date "2016.09.18"]
[Round "4"]
[White "Nielsen, John Holm"]
[Black "Nicolaisen, Jeppe"]
[Result "1/2-1/2"]
[WhiteElo "2017"]
[BlackElo "1995"]
[PlyCount "40"]
[EventDate "2016.08.31"]
[EventType "swiss"]
[EventRounds "7"]
[EventCountry "DEN"]
[SourceTitle "EXT 2024"]
[Source "ChessBase"]
[SourceDate "2023.10.10"]
[SourceVersion "1"]
[SourceVersionDate "2023.10.10"]
[SourceQuality "1"]

1. Nc3 d5 2. e4 e6 3. g3 dxe4 4. Nxe4 Nf6 5. Bg2 e5 6. Qf3 Nxe4 7. Qxe4 Bd6 8. Nf3 0-0 9. 0-0 Nd7 10. d4 Nf6 11. Qh4 exd4 12. Qxd4 Be7 13. Be3 Nd5 14. Rad1 Nxe3 15. Qxe3 Bd6 16. Rfe1 Qf6 17. Qd4 Qxd4 18. Nxd4 Bg4 19. Bf3 Bxf3 20. Nxf3 Rfe8 1/2-1/2

[Event "Bronshoj SenSommer A"]
[Site "Bronshoj"]
[Date "2016.09.06"]
[Round "2"]
[White "Steenstrup, Svend"]
[Black "Nielsen, John Holm"]
[Result "0-1"]
[WhiteElo "1884"]
[BlackElo "2017"]
[PlyCount "108"]
[EventDate "2016.08.31"]
[EventType "swiss"]
[EventRounds "7"]
[EventCountry "DEN"]
[SourceTitle "EXT 2024"]
[Source "ChessBase"]
[SourceDate "2023.10.10"]
[SourceVersion "1"]
[SourceVersionDate "2023.10.10"]
[SourceQuality "1"]

1. d4 d5 2. c4 c6 3. Nf3 Nf6 4. Nc3 dxc4 5. a4 Bf5 6. Nh4 Bg4 7. h3 Bh5 8. g4 Bg6 9. Nxg6 hxg6 10. e4 e6 11. g5 Nfd7 12. Bxc4 Bb4 13. Qb3 a5 14. Be3 Qe7 15. 0-0-0 Na6 16. Na2 Nb6 17. Be2 Nc8 18. Nxb4 Nxb4 19. Bg4 Nd6 20. f3 b5 21. Kb1 Nc4 22. Bc1 Nb6 23. d5 cxd5 24. exd5 N6xd5 25. Rhe1 Rd8 26. Re5 0-0 27. Bd2 bxa4 28. Bxb4 axb3 29. Bxe7 Nxe7 30. Rc1 Nd5 31. h4 a4 32. h5 gxh5 33. Bxh5 Nf4 34. g6 fxg6 35. Bg4 Rf6 36. Rg5 Rd4 37. Rh1 Rf8 38. Re5 Rfd8 39. Ree1 Rd2 40. Rc1 Kf7 41. Rc4 Rd1+ 42. Rc1 Rxh1 43. Rxh1 Rd2 44. Kc1 Rc2+ 45. Kb1 Nd3 46. Rd1 Ne5 47. Bh3 Nc4 48. Re1 Rxb2+ 49. Ka1 Ra2+ 50. Kb1 Nd2+ 51. Kc1 Rc2+ 52. Kd1 e5 53. Rxe5 b2 54. Rb5 Rc1+ 0-1

[Event "Bronshoj-ch B"]
[Site "Bronshoj"]
[Date "2016.05.09"]
[Round "6"]
[White "Madsen, Michael Ole"]
[Black "Nielsen, John Holm"]
[Result "1-0"]
[WhiteElo "2036"]
[BlackElo "1992"]
[PlyCount "47"]
[EventDate "2016.03.17"]
[EventType "swiss"]
[EventRounds "9"]
[EventCountry "DEN"]
[SourceTitle "EXT 2024"]
[Source "ChessBase"]
[SourceDate "2023.10.10"]
[SourceVersion "1"]
[SourceVersionDate "2023.10.10"]
[SourceQuality "1"]

1. d4 d5 2. c4 c6 3. Nf3 Nf6 4. Nc3 e6 5. cxd5 exd5 6. Bg5 Be7 7. Qc2 0-0 8. e3 Re8 9. Bd3 Nbd7 10. 0-0 Nf8 11. h3 Be6 12. Rab1 Nh5 13. Bxe7 Qxe7 14. b4 Rac8 15. Ne5 Nf6 16. f4 Ne4 17. f5 f6 18. fxe6 Nxc3 19. Qxc3 fxe5 20. Rf7 Qxe6 21. Rxb7 exd4 22. exd4 Qe3+ 23. Kh1 Qg3 24. Bxh7+ 1-0

[Event "Bronshoj-ch B"]
[Site "Bronshoj"]
[Date "2016.04.19"]
[Round "4"]
[White "Nielsen, John Holm"]
[Black "Nicolaisen, Jeppe"]
[Result "1-0"]
[WhiteElo "1992"]
[BlackElo "2027"]
[PlyCount "39"]
[EventDate "2016.03.17"]
[EventType "swiss"]
[EventRounds "9"]
[EventCountry "DEN"]
[SourceTitle "EXT 2024"]
[Source "ChessBase"]
[SourceDate "2023.10.10"]
[SourceVersion "1"]
[SourceVersionDate "2023.10.10"]
[SourceQuality "1"]

1. Nc3 d5 2. e4 dxe4 3. Nxe4 Nc6 4. Nf3 Nf6 5. Nxf6+ gxf6 6. d4 Bf5 7. c3 Qd7 8. Be3 0-0-0 9. Bb5 Rg8 10. Qa4 Be4 11. 0-0-0 Bxf3 12. gxf3 Qd5 13. c4 Qxf3 14. d5 Nb8 15. Qxa7 c6 16. dxc6 Rxd1+ 17. Rxd1 Nxc6 18. Bxc6 Qxc6 19. Qa8+ Kc7 20. Qd8# 1-0

[Event "Bronshoj-ch B"]
[Site "Bronshoj"]
[Date "2016.04.19"]
[Round "4"]
[White "Nielsen, John Holm"]
[Black "Tandrup, Michael"]
[Result "1-0"]
[WhiteElo "1992"]
[BlackElo "1961"]
[PlyCount "87"]
[EventDate "2016.03.17"]
[EventType "swiss"]
[EventRounds "9"]
[EventCountry "DEN"]
[SourceTitle "EXT 2024"]
[Source "ChessBase"]
[SourceDate "2023.10.10"]
[SourceVersion "1"]
[SourceVersionDate "2023.10.10"]
[SourceQuality "1"]

1. Nc3 g6 2. d4 Bg7 3. e4 d6 4. Nf3 a6 5. Bc4 e6 6. 0-0 Ne7 7. a4 Nd7 8. Ng5 Nf6 9. Be3 h6 10. Nf3 d5 11. exd5 Nexd5 12. Nxd5 Nxd5 13. Bxd5 Qxd5 14. Qd2 Qh5 15. Bf4 c6 16. Bd6 Qd5 17. Bc5 Bf8 18. Bxf8 Kxf8 19. Qb4+ Kg7 20. c4 Qf5 21. Rfe1 b5 22. axb5 cxb5 23. Re5 Qf6 24. Rxb5 Qf4 25. Qc3 Kh7 26. Rb6 Rd8 27. c5 g5 28. Qe3 Qf5 29. Ne5 f6 30. Nc6 Re8 31. Re1 Kg8 32. Qe4 Bd7 33. Qxf5 exf5 34. Rxe8+ Rxe8 35. f3 Bxc6 36. Rxc6 Rd8 37. Rxa6 Rxd4 38. Rb6 Kf7 39. c6 Ke6 40. b4 g4 41. fxg4 fxg4 42. b5 Kd6 43. Rb7 Kc5 44. c7 1-0

[Event "Amager Aabne CC-ch"]
[Site "Sundbyoster"]
[Date "2016.02.21"]
[Round "3"]
[White "Lunding, Peter M"]
[Black "Nielsen, John Holm"]
[Result "1/2-1/2"]
[WhiteElo "1962"]
[BlackElo "1992"]
[PlyCount "59"]
[EventDate "2016.01.19"]
[EventType "swiss"]
[EventRounds "7"]
[EventCountry "DEN"]
[SourceTitle "EXT 2025"]
[Source "ChessBase"]
[SourceDate "2024.10.14"]
[SourceVersion "1"]
[SourceVersionDate "2024.10.14"]
[SourceQuality "1"]

1. d4 d5 2. Nf3 Nf6 3. Bg5 e6 4. e3 Nbd7 5. Bd3 c5 6. c3 Bd6 7. 0-0 Qb6 8. Qc1 0-0 9. Nbd2 h6 10. Bh4 Qc7 11. Bg3 b6 12. e4 Bxg3 13. hxg3 dxe4 14. Nxe4 Bb7 15. Nxf6+ Nxf6 16. dxc5 Qxc5 17. Qf4 Rad8 18. Rfd1 Rfe8 19. Bc2 e5 20. Qh4 e4 21. Nd4 Rd5 22. Ne2 Rh5 23. Qf4 Rf5 24. Qe3 Ng4 25. Qxc5 bxc5 26. Ba4 Rb8 27. Bd7 Rg5 28. Bxg4 Rxg4 29. Rd6 Kh7 30. Rad1 1/2-1/2

[Event "Amager Aabne CC-ch"]
[Site "Sundbyoster"]
[Date "2016.01.30"]
[Round "1"]
[White "Nielsen, John Holm"]
[Black "Lontoft, Sven"]
[Result "1-0"]
[WhiteElo "1992"]
[BlackElo "1757"]
[PlyCount "51"]
[EventDate "2016.01.19"]
[EventType "swiss"]
[EventRounds "7"]
[EventCountry "DEN"]
[SourceTitle "EXT 2025"]
[Source "ChessBase"]
[SourceDate "2024.10.14"]
[SourceVersion "1"]
[SourceVersionDate "2024.10.14"]
[SourceQuality "1"]

1. Nc3 e5 2. Nf3 Nc6 3. d4 exd4 4. Nxd4 Nxd4 5. Qxd4 Nf6 6. Bg5 Be7 7. 0-0-0 d6 8. e4 h6 9. Bh4 Be6 10. f4 Bg4 11. Re1 c5 12. Qd2 Nd7 13. Bxe7 Qxe7 14. h3 Bh5 15. g4 Bg6 16. Nd5 Qd8 17. Bb5 a6 18. Bxd7+ Kxd7 19. f5 Bh7 20. e5 Kc6 21. Qg2 dxe5 22. Rxe5 Kd6 23. Rhe1 Qa5 24. Nc3 Kc7 25. Re7+ Kd6 26. Qd5# 1-0